000 00664nam a2200229Ia 4500
003 OSt
005 20220928112630.0
006 a|||||r|||| 00| 0
007 ta
008 220927b |||||||| |||| 00| 0 eng d
024 _a37047
037 _cReference Collections
040 _aSDCL
_cSDCL
_beng
041 _2eng
_aeng
082 _aAk, M4 RR
100 _aParker Sybil P
_9429019
245 0 _aMcGraw-Hill concise encyclopedia of Science and Technology.
260 _aNew York
_b McGraw-Hill
_c1984
300 _alxxvi,2065p.
_ccm.
942 _hAk, M4 RR
_cREF
_2CC
999 _c745500
_d745500